000 00588nam a2200217Ia 4500
003 OSt
005 20220928143258.0
006 a|||||r|||| 00| 0
007 ta
008 220927b |||||||| |||| 00| 0 eng d
024 _a21529
037 _cTextual
040 _aSDCL
_cSDCL
_beng
041 _2eng
_aeng
082 _aO113,3M92:g, L4
100 _aParent David J
_9504986
245 0 _aWerner bergengruen's das buch rodenstein
_b A detailed analysis.
260 _c1974
942 _hO113,3M92:g, L4
_cTEXL
_2CC
999 _c823568
_d823568